000 00253nam a22001217a 4500
082 _a821
_bSHE/P
100 _aSHEPPARD,C.A
245 _aA PAGEANT OF POEMS
260 _aNEW DELHI
_bORIENT LONGMAN
300 _a69
650 _aPOEMS
_zINDIA
942 _cBK
999 _c3906
_d3906